Normal view
MARC view
- Civil service ethics
Entry Topical Term
001 - CONTROL NUMBER
- control field: 404
003 - CONTROL NUMBER IDENTIFIER
- control field: OSt
005 - DATE AND TIME OF LATEST TRANSACTION
- control field: 20170421162153.0
008 - FIXED-LENGTH DATA ELEMENTS
- fixed length control field: 170421|| aca||aabn | a|a d
040 ## - CATALOGING SOURCE
- Original cataloging agency: OSt
- Transcribing agency: OSt
150 ## - HEADING--TOPICAL TERM
- Topical term or geographic name entry element: Civil service ethics
- Geographic subdivision: Malaysia
- Form subdivision: Handbooks, manuals, etc.
670 ## - SOURCE DATA FOUND
- Source citation: Work cat.: (OSt)0: Malaysia 400, Pekeliling Kemajuan Pentadbiran Awam dan profil Perkhidmatan Awam Malaysia /, 2009

PORTAL AKMAL
E-MEL JKDM
AKMAL2U
G-BAM
u-PUSTAKA